Základy počítačovej animácie

Bibliographic Details
Main Author: Šperka, Martin, 1945- (Author)
Format: Book
Language:Slovak
English
PhysicalDescription:preruš. str.
Published: Bratislava VŠMU 1993
ISBN:8085182262
Edition:1. vyd.
Subjects:

MARC

LEADER 00000nam a2200000 a 4500
001 vtls008166970
003 SK-MaSNL
005 20260302074034.0
008 240318s1993 xo 000 0 slo
020 |a 8085182262 
035 |a SPKKN3419 
035 |a urn:nbn:sk:snk-amlnlf 
035 |a urn:nbn:sk:snk-am00byzw 
035 |a 93D00A3A-F11F-47DD-B0F0-5DBF66F79BBD 
040 |a SNK  |b slo  |c SNK  |e AACR2 
041 0 |a slo  |a eng 
044 |a SK 
080 |a 791.43:681.3(075.8)  |2 1981 
100 1 |a Šperka, Martin,  |d 1945-  |4 aut  |9 118690 
245 1 0 |a Základy počítačovej animácie  |c Martin Šperka 
250 |a 1. vyd. 
260 |a Bratislava  |b VŠMU  |c 1993 
300 |a preruš. str. 
650 0 7 |a počítačová grafika  |2 SNKPH  |9 1829 
650 0 7 |a počítačová animácia  |2 SNKPH  |9 1865 
655 7 |a učebnice vysokých škôl  |2 SNKPH  |9 70191 
919 |a 80-85182-26-2 
999 |c 1163376  |d 1165306 
952 |t P60, <04>, [BOOK], {604}  |a SNK  |b SNK  |y VYP  |7 0  |p 17A0071690  |o snkSB 51656 D1  |0 0  |1 0  |4 0  |d 1997-06-05  |l 0  |r 2004-12-31 00:00:00  |w 2026-02-24 
952 |a SNK  |b SNK  |y PREZ  |7 0  |p 17A0904593  |o snkSB 51656   |0 0  |1 0  |4 0  |d 2012-08-07  |f 1  |l 0  |r 2025-03-12 00:00:00  |w 2026-02-24